| 000 | 00472nam a22001577a 4500 | ||
|---|---|---|---|
| 020 | _a9789382485575 | ||
| 082 |
_aH 809.892 069 4 _bFIR/A |
||
| 245 |
_aAdivasi sahitya: _bdasha evam disha/ _cby Firoz Khan (ed.) and Shaguphtha Niyas (ed.) |
||
| 260 |
_aAligat: _bVagmay Books, _c2015. |
||
| 300 | _a200p. | ||
| 650 |
_aDalit Literature _947191 |
||
| 650 |
_aLiterature _947192 |
||
| 700 |
_aFiroz Khan (ed.) _947193 |
||
| 700 |
_aShaguphtha Niyas (ed.) _947194 |
||
| 942 | _cBK | ||
| 999 |
_c71767 _d71767 |
||